[Event "POL-chT U20 2nd League"]
[Site "Szczyrk"]
[Date "2017.07.29"]
[Round "10.79"]
[White "Szczuraszyk, Jaroslaw"]
[Black "Ciesinska, Weronika"]
[Result "1-0"]
[WhiteElo "1726"]
[BlackElo "1686"]
[PlyCount "57"]
[EventDate "2017.07.22"]
[EventType "team-swiss"]
[EventRounds "11"]
[EventCountry "POL"]
[SourceTitle "EXT 2019"]
[Source "ChessBase"]
[SourceDate "2018.10.10"]
[SourceVersion "1"]
[SourceVersionDate "2018.10.10"]
[SourceQuality "1"]

1. d4 Nf6 2. c4 g6 3. Nc3 Bg7 4. e4 d6 5. f4 0-0 6. h3 c5 7. d5 e6 8. Bd3 a6 9. Nf3 exd5 10. exd5 Re8+ 11. Kf2 Nbd7 12. Qc2 Nf8 13. Bd2 Bd7 14. a4 Qc7 15. g4 h6 16. f5 Kh7 17. Rag1 Ng8 18. h4 Ne7 19. fxg6+ fxg6 20. h5 Red8 21. hxg6+ Nfxg6 22. Bxh6 Rh8 23. Bg5+ Kg8 24. Rxh8+ Nxh8 25. Bxe7 Be8 26. Bh7+ Kf7 27. Qf5+ Kxe7 28. Re1+ Kd8 29. Qg5+ 1-0

[Event "POL-chT U20 2nd League"]
[Site "Szczyrk"]
[Date "2017.07.26"]
[Round "6.79"]
[White "Sypien, Natan"]
[Black "Ciesinska, Weronika"]
[Result "1/2-1/2"]
[WhiteElo "1648"]
[BlackElo "1686"]
[PlyCount "82"]
[EventDate "2017.07.22"]
[EventType "team-swiss"]
[EventRounds "11"]
[EventCountry "POL"]
[SourceTitle "EXT 2019"]
[Source "ChessBase"]
[SourceDate "2018.10.10"]
[SourceVersion "1"]
[SourceVersionDate "2018.10.10"]
[SourceQuality "1"]

1. d4 Nf6 2. c4 g6 3. Nc3 Bg7 4. e4 d6 5. Nf3 0-0 6. Be2 Bg4 7. 0-0 Na6 8. Be3 Bxf3 9. Bxf3 e5 10. dxe5 dxe5 11. Qe2 c6 12. a3 Qe7 13. b4 Rfd8 14. c5 Nc7 15. Rfd1 Ne6 16. Qc4 Ne8 17. g3 N8c7 18. Rxd8+ Rxd8 19. Rd1 Rxd1+ 20. Bxd1 Qd8 21. Bb3 Qd7 22. a4 Nd4 23. Bxd4 exd4 24. Qd3 Qe7 25. Ne2 Qd7 26. Nf4 Be5 27. Ne2 Na6 28. Qd2 d3 29. Nc1 Nxb4 30. Qxb4 d2 31. Qc4 dxc1Q+ 32. Qxc1 Qd4 33. Qc2 Qc3 34. Qxc3 Bxc3 35. f4 Bd4+ 36. Kf1 Bxc5 37. Ke2 Kf8 38. h3 f6 39. g4 h6 40. Kd3 Bd6 41. f5 g5 1/2-1/2

[Event "Poznan op 24th"]
[Site "Poznan"]
[Date "2016.08.13"]
[Round "6"]
[White "Ciesinska, Weronika"]
[Black "Sobczak, Miroslaw"]
[Result "0-1"]
[WhiteElo "1636"]
[BlackElo "1804"]
[PlyCount "94"]
[EventDate "2016.08.08"]
[EventType "swiss"]
[EventRounds "9"]
[EventCountry "POL"]
[SourceTitle "CBM 173 Extra"]
[Source "ChessBase"]
[SourceDate "2016.08.29"]
[SourceVersion "1"]
[SourceVersionDate "2016.08.29"]
[SourceQuality "1"]

1. e4 c5 2. Nc3 e6 3. f4 a6 4. Nf3 d5 5. d3 Nf6 6. Bd2 b5 7. e5 Nfd7 8. Ne2 Bb7 9. c3 d4 10. Nc1 Nc6 11. cxd4 Qb6 12. Be3 Nb4 13. Be2 Nd5 14. Bd2 cxd4 15. 0-0 Nc5 16. b4 Na4 17. a3 Nac3 18. Qe1 a5 19. bxa5 Rxa5 20. Nb3 Ra4 21. Qf2 Bxa3 22. Ne1 0-0 23. Nc2 Bb2 24. Rae1 Nb4 25. Bxc3 Bxc3 26. Rc1 Bb2 27. Rb1 Nxc2 28. Rxb2 Ne3 29. Rfb1 Bxg2 30. Bf3 Bxf3 31. Qxf3 Rfa8 32. Nd2 Qa6 33. Rxb5 h6 34. Qe4 g6 35. Qb7 Qxb7 36. Rxb7 Nd5 37. Nc4 Ra1 38. Nd6 Rxb1+ 39. Rxb1 Nxf4 40. Rb3 g5 41. Ne4 Kg7 42. Kf2 Ra2+ 43. Kg3 Rg2+ 44. Kf3 Rxh2 45. Nf6 Rh3+ 46. Ke4 Ne2 47. Rb2 Re3# 0-1

[Event "POL-ch U16 Girls"]
[Site "Szklarska Poreba"]
[Date "2016.03.19"]
[Round "8"]
[White "Ciesinska, Weronika"]
[Black "Trybowska, Barbara"]
[Result "1-0"]
[WhiteElo "1584"]
[BlackElo "1536"]
[PlyCount "81"]
[EventDate "2016.03.13"]
[EventType "swiss"]
[EventRounds "9"]
[EventCountry "POL"]
[SourceTitle "EXT 2018"]
[Source "ChessBase"]
[SourceDate "2017.10.13"]
[SourceVersion "1"]
[SourceVersionDate "2017.10.13"]
[SourceQuality "1"]

1. e4 e5 2. Nf3 Nc6 3. Bc4 Bc5 4. c3 d6 5. d4 exd4 6. cxd4 Bb4+ 7. Nc3 h6 8. h3 Nf6 9. 0-0 0-0 10. Re1 Bxc3 11. bxc3 Re8 12. Bd3 Re7 13. Ba3 Re8 14. Qc2 Bd7 15. Re3 Ne7 16. Rae1 Ng6 17. c4 Nf4 18. e5 dxe5 19. Rxe5 Rxe5 20. Rxe5 Qc8 21. Nh4 Bxh3 22. Bf5 Bxf5 23. Nxf5 Ng6 24. Ne7+ Nxe7 25. Rxe7 Qg4 26. d5 Rc8 27. Qd3 Nh5 28. Qe4 Nf4 29. g3 Qd1+ 30. Qe1 Qxe1+ 31. Rxe1 Ng6 32. c5 f6 33. d6 Kf7 34. Rb1 b6 35. d7 Rd8 36. c6 Ne5 37. Rc1 Ng6 38. Bd6 Ra8 39. Bxc7 Ke7 40. Re1+ Ne5 41. f4 1-0

[Event "POL-ch U16 Girls"]
[Site "Szklarska Poreba"]
[Date "2016.03.15"]
[Round "4"]
[White "Dwilewicz, Agata"]
[Black "Ciesinska, Weronika"]
[Result "1-0"]
[WhiteElo "1813"]
[BlackElo "1584"]
[PlyCount "127"]
[EventDate "2016.03.13"]
[EventType "swiss"]
[EventRounds "9"]
[EventCountry "POL"]
[SourceTitle "EXT 2018"]
[Source "ChessBase"]
[SourceDate "2017.10.13"]
[SourceVersion "1"]
[SourceVersionDate "2017.10.13"]
[SourceQuality "1"]

1. e4 c5 2. Nf3 d6 3. d4 cxd4 4. Nxd4 Nf6 5. f3 e5 6. Nb3 Be6 7. c4 a5 8. Be3 a4 9. N3d2 Qa5 10. Na3 Be7 11. Be2 0-0 12. 0-0 Bd8 13. Nb5 Bb6 14. Bxb6 Qxb6+ 15. Kh1 Rc8 16. b3 axb3 17. axb3 Nbd7 18. Qb1 Nc5 19. Qb2 Bd7 20. Nc3 Ne6 21. Rfb1 Nd4 22. Bd3 Be6 23. Na4 Qc7 24. Rc1 Nd7 25. b4 b6 26. Nc3 Qb7 27. Nd5 Bxd5 28. exd5 Nf6 29. f4 Rab8 30. Re1 Qc7 31. Rac1 Nd7 32. fxe5 dxe5 33. Ne4 f6 34. Qf2 Qd8 35. Qg3 Qf8 36. Qh3 f5 37. Ng5 h6 38. Ne6 Nxe6 39. dxe6 Nf6 40. Bxf5 Qxb4 41. Qd3 Qc5 42. Qg3 Rb7 43. Rxe5 Qd6 44. Rce1 Re7 45. Qb3 Rc5 46. Rxc5 Qxc5 47. Qd3 Qc7 48. Rd1 Qc5 49. Re1 Qc7 50. Rb1 Ne8 51. Rd1 Nf6 52. Bh3 Qc6 53. Qd8+ Re8 54. Qd4 Re7 55. Rb1 Qc5 56. Qd8+ Re8 57. Qd3 Re7 58. Rb5 Qf2 59. Rb1 Qc5 60. Rf1 Kf8 61. Qd8+ Re8 62. Rxf6+ gxf6 63. Qxf6+ Kg8 64. Qf7+ 1-0

[Event "POL-chT U19 Wielkopolskie"]
[Site "Poland"]
[Date "2016.02.13"]
[Round "1.25"]
[White "Golinski, Kacper"]
[Black "Ciesinska, Weronika"]
[Result "0-1"]
[WhiteElo "1481"]
[BlackElo "1697"]
[PlyCount "58"]
[EventDate "2016.02.13"]
[EventType "team-tourn"]
[EventRounds "9"]
[EventCountry "POL"]
[SourceTitle "EXT 2019"]
[Source "ChessBase"]
[SourceDate "2018.10.10"]
[SourceVersion "1"]
[SourceVersionDate "2018.10.10"]
[SourceQuality "1"]

1. Nf3 g6 2. e4 c5 3. d4 cxd4 4. Nxd4 Bg7 5. Nc3 d6 6. Be3 Nf6 7. Be2 0-0 8. 0-0 Nc6 9. h3 Bd7 10. Qd2 Rc8 11. f4 Na5 12. g4 Nc4 13. Qc1 Nxe3 14. Qxe3 Qb6 15. Rf3 Nxg4 16. Qd3 Bxd4+ 17. Kg2 Bxc3 18. bxc3 Nf6 19. Rg3 Rc5 20. c4 Qb2 21. Rg1 b5 22. f5 bxc4 23. Qe3 Nxe4 24. Qxe4 Bc6 25. Qxc6 Rxc6 26. fxg6 fxg6 27. h4 Qd4 28. h5 Rf2+ 29. Kh1 Qh4+ 0-1

[Event "POL-chT U19 2nd League"]
[Site "Iwonicz"]
[Date "2015.08.01"]
[Round "2.41"]
[White "Ciesinska, Weronika"]
[Black "Kindler, Karolina"]
[Result "1/2-1/2"]
[WhiteElo "1449"]
[BlackElo "1458"]
[PlyCount "87"]
[EventDate "2015.07.25"]
[EventType "team-swiss"]
[EventRounds "11"]
[EventCountry "POL"]
[SourceTitle "EXT 2019"]
[Source "ChessBase"]
[SourceDate "2018.10.10"]
[SourceVersion "1"]
[SourceVersionDate "2018.10.10"]
[SourceQuality "1"]
[WhiteTeam "Myslenice MLKSz U19"]
[BlackTeam "Gdansk Korona U19"]
[WhiteTeamCountry "POL"]
[BlackTeamCountry "POL"]

1. e4 e5 2. Nf3 Nc6 3. Bc4 Bc5 4. c3 Nf6 5. d3 d6 6. 0-0 0-0 7. Bb3 Be6 8. Bc2 Bb6 9. Nbd2 Ne7 10. h3 Ng6 11. Re1 h6 12. Nf1 Qd7 13. d4 c6 14. Ng3 Rad8 15. Nf5 exd4 16. N3xd4 Rfe8 17. Be3 Bxf5 18. Nxf5 Bxe3 19. Rxe3 c5 20. c4 a6 21. b3 Qc6 22. Qf3 Re6 23. Rae1 Rde8 24. Qe2 Nf4 25. Qf3 Ng6 26. h4 Ne7 27. Qf4 Nxf5 28. Qxf5 Re5 29. Qf3 Qd7 30. Qd1 Ng4 31. Rd3 Rxe4 32. Rxe4 Rxe4 33. f3 Ne3 34. Qc1 Nxc2 35. fxe4 Nd4 36. Qe3 Qe7 37. g3 Nc2 38. Qe2 Nd4 39. Qe3 Qe5 40. Rd2 f5 41. Qf2 Qxe4 42. Kf1 Qh1+ 43. Qg1 Qxg1+ 44. Kxg1 1/2-1/2

[Event "POL-ch U16 Girls"]
[Site "Karpacz"]
[Date "2015.??.??"]
[Round "5"]
[White "Borkowska, Zuzanna"]
[Black "Ciesinska, Weronika"]
[Result "1/2-1/2"]
[WhiteElo "1387"]
[BlackElo "1490"]
[PlyCount "93"]
[EventDate "2015.03.??"]
[EventType "swiss"]
[EventRounds "9"]
[EventCountry "POL"]
[SourceTitle "EXT 2017"]
[Source "ChessBase"]
[SourceDate "2016.10.25"]
[SourceVersion "1"]
[SourceVersionDate "2016.10.25"]
[SourceQuality "1"]

1. e4 c5 2. Nf3 d6 3. d4 cxd4 4. Qxd4 Nc6 5. Bb5 Bd7 6. Bxc6 Bxc6 7. Nc3 Nf6 8. Bg5 e5 9. Qd3 Be7 10. 0-0-0 Ng4 11. Bxe7 Qxe7 12. Qd2 0-0-0 13. h3 Nf6 14. Qe3 Kb8 15. Kb1 Qc7 16. Nd5 Bxd5 17. exd5 Rc8 18. Rd2 Qa5 19. Rhd1 Rc5 20. Ng5 Qc7 21. Ne4 Nxe4 22. Qxe4 g6 23. g4 Rc4 24. Qe3 Rc8 25. c3 b5 26. Rc2 b4 27. Rdc1 a5 28. Qd2 Qb7 29. cxb4 Rxc2 30. Rxc2 Rxc2 31. Kxc2 axb4 32. Kb3 Kc8 33. Qxb4 Qxd5+ 34. Qc4+ Qxc4+ 35. Kxc4 f5 36. gxf5 gxf5 37. Kd5 e4 38. b4 Kb7 39. a4 Kb6 40. Kd4 h6 41. Ke3 d5 42. f3 exf3 43. Kxf3 d4 44. Kf2 f4 45. Ke2 h5 46. h4 Kc6 47. Ke1 1/2-1/2

[Event "POL-ch U16 Girls"]
[Site "Karpacz"]
[Date "2015.??.??"]
[Round "3"]
[White "Ciesinska, Weronika"]
[Black "Wierzbowska, Aleksandra"]
[Result "0-1"]
[WhiteElo "1490"]
[BlackElo "1458"]
[PlyCount "44"]
[EventDate "2015.03.??"]
[EventType "swiss"]
[EventRounds "9"]
[EventCountry "POL"]
[SourceTitle "EXT 2017"]
[Source "ChessBase"]
[SourceDate "2016.10.25"]
[SourceVersion "1"]
[SourceVersionDate "2016.10.25"]
[SourceQuality "1"]

1. e4 c5 2. Nc3 Nc6 3. f4 d6 4. Nf3 Bg4 5. Bb5 a6 6. Bxc6+ bxc6 7. 0-0 g6 8. d3 Bg7 9. h3 Bd7 10. Qe1 Rb8 11. Rb1 e6 12. Be3 Qb6 13. e5 dxe5 14. fxe5 Qa5 15. Ne4 Qxa2 16. Nd6+ Kf8 17. Ng5 f5 18. exf6 Bxf6 19. Ndf7 Kg7 20. Nxh8 Kxh8 21. Qh4 h6 22. Rxf6 Qxb1+ 0-1

[Event "POL-ch U16 Girls"]
[Site "Karpacz"]
[Date "2015.??.??"]
[Round "8"]
[White "Ciesinska, Weronika"]
[Black "Ziziuk, Martyna"]
[Result "0-1"]
[WhiteElo "1490"]
[BlackElo "1425"]
[PlyCount "96"]
[EventDate "2015.03.??"]
[EventType "swiss"]
[EventRounds "9"]
[EventCountry "POL"]
[SourceTitle "EXT 2017"]
[Source "ChessBase"]
[SourceDate "2016.10.25"]
[SourceVersion "1"]
[SourceVersionDate "2016.10.25"]
[SourceQuality "1"]

1. e4 e5 2. Nf3 Nc6 3. Bc4 Nf6 4. d3 Be7 5. 0-0 0-0 6. c3 d6 7. Bb3 Bg4 8. h3 Bh5 9. Nbd2 Qd7 10. Re1 Na5 11. d4 exd4 12. cxd4 Nxb3 13. Nxb3 Rfe8 14. Qd3 Bg6 15. Bf4 Qc6 16. Nbd2 a5 17. Qc3 Qxc3 18. bxc3 Bd8 19. e5 dxe5 20. Rxe5 Rxe5 21. Bxe5 Nd7 22. Re1 f6 23. Bf4 Kf8 24. g4 Bf7 25. a3 g5 26. Bh2 h5 27. Kf1 hxg4 28. hxg4 Nb6 29. Ng1 Bd5 30. f4 gxf4 31. Bxf4 Kf7 32. Kf2 Be6 33. Kg3 Nd5 34. c4 Nxf4 35. Kxf4 Be7 36. c5 Rg8 37. Ngf3 Rxg4+ 38. Ke3 Bf8 39. Kd3 Bh6 40. Rb1 Bf5+ 41. Kc4 Bxb1 42. Nxb1 Ke6 43. Kb5 Rg3 44. Nbd2 Bxd2 45. Nxd2 Rxa3 46. Nc4 Ra2 47. Nxa5 Rxa5+ 48. Kxa5 Kd5 0-1

[Event "POL-chT U19 2nd League"]
[Site "Szczyrk"]
[Date "2014.07.28"]
[Round "5.102"]
[White "Adamczyk, Zuzanna"]
[Black "Ciesinska, Weronika"]
[Result "1/2-1/2"]
[WhiteElo "1238"]
[BlackElo "1369"]
[PlyCount "132"]
[EventDate "2014.07.25"]
[EventType "team-swiss"]
[EventRounds "11"]
[EventCountry "POL"]
[SourceTitle "EXT 2015"]
[Source "ChessBase"]
[SourceDate "2014.11.20"]
[SourceVersion "1"]
[SourceVersionDate "2014.11.20"]
[SourceQuality "1"]
[WhiteTeam "Jastrzebie Zdroj Pionier U19"]
[BlackTeam "Poznan Politechnika U19"]
[WhiteTeamCountry "POL"]
[BlackTeamCountry "POL"]

1. d4 Nf6 2. Nf3 g6 3. e3 Bg7 4. b3 0-0 5. Bd3 d6 6. Bb2 Nbd7 7. 0-0 c5 8. Nbd2 cxd4 9. exd4 Nb6 10. c4 Bg4 11. h3 Bxf3 12. Nxf3 Rc8 13. Rc1 Nbd7 14. Re1 Re8 15. Qd2 b6 16. b4 Qc7 17. Re2 e5 18. Qc2 Qb8 19. Qb1 Nh5 20. dxe5 Nxe5 21. Nxe5 Bxe5 22. Bxe5 Rxe5 23. Rxe5 dxe5 24. Qb2 Nf4 25. Qd2 Rd8 26. Rc3 e4 27. c5 Rxd3 28. Rxd3 Nxd3 29. c6 Qc7 30. b5 Nc5 31. Qd4 a6 32. a4 axb5 33. axb5 f5 34. Qc4+ Kg7 35. Qd4+ Kf7 36. Qh8 Ke6 37. Qg8+ Kd6 38. Qf8+ Kd5 39. Qf6 Kc4 40. Qb2 Nd3 41. Qb1 Nb4 42. Qf1+ Kc5 43. g3 Nxc6 44. bxc6 Qxc6 45. Qc1+ Kd6 46. Qf4+ Ke6 47. Qh6 Qd7 48. Qe3 b5 49. Qb6+ Kd5 50. Qe3 Ke6 51. Qb6+ Kf7 52. Qe3 h5 53. Qb3+ Kf6 54. Qc3+ Ke6 55. Qe3 Qc6 56. Qh6 Kd5 57. Qd2+ Kc5 58. Qe3+ Kb4 59. Qd2+ Kb3 60. Qd1+ Kb2 61. Qe2+ Kb1 62. Kh2 Qc4 63. Qd1+ Kb2 64. Qd2+ Qc2 65. Qb4+ Kc1 66. Qe1+ Kb2 1/2-1/2